000 00367nam a2200145Ia 4500
008 230917s9999||||xx |||||||||||||| ||und||
040 _e204113
_aMAIN
041 _aEnglish
082 _a572.838 R633I
100 _aRogers, Scott Orland
245 0 _aIntegrated molecular evolution
260 _aBoca Raton
_bCRC Press
_c2012
300 _axv, 359 p.
942 _cBK
999 _c172120
_d172120